MARC

LEADER 00000nam0a2200000 4500
001 55984
005 20231101211558.0
010 |a 5339004791 
035 |a (RuTPU)RU\TPU\book\58774 
090 |a 55984 
100 |a 20030924d1990 km y0rusy50 ca 
101 0 |a rus 
102 |a BY 
105 |a a g 001zy 
200 1 |a Автоматическая сборка ИС. Технологический процесс. Оборудование. Управление. Техническое зрение. Привод.  |e справочное пособие  |f Е. Е. Онегин, В. А. Зенькович, Л. Г. Битно 
210 |a Минск  |c Вышэйшая школа  |d 1990 
215 |a 381 с.  |c ил. 
320 |a Библиогр.: с. 377-379. 
320 |a Предметный указатель: с. 380-382. 
606 |a Микроэлектронные схемы интегральные  |x Сборка  |2 stltpush  |3 (RuTPU)RU\TPU\subj\43849  |9 63290 
610 1 |a электроника 
610 1 |a интегральные схемы 
610 1 |a микроэлектронные схемы 
610 1 |a сборка 
610 1 |a автоматизация 
610 1 |a оборудование 
610 1 |a управление 
610 1 |a техническое зрение 
610 1 |a приводы 
610 1 |a технологический процесс 
610 1 |a справочники 
675 |a 621.382.049.77.002(035)  |v 3 
700 1 |a Онегин  |b Е. Е.  |g Евгений Евгеньевич 
701 1 |a Зенькович  |b В. А.  |g Василий Александрович 
701 1 |a Битно  |b Л. Г.  |g Леонид Григорьевич 
801 1 |a RU  |b 63413507  |c 20030924  |g PSBO 
801 2 |a RU  |b 63413507  |c 20201028  |g PSBO 
942 |c BK